[Event "Norderstedt op"]
[Site "Norderstedt"]
[Date "2013.03.31"]
[Round "6"]
[White "Gerdts, Martina"]
[Black "Wulf, Constanze"]
[Result "0-1"]
[WhiteElo "1312"]
[BlackElo "1684"]
[PlyCount "130"]
[EventDate "2013.03.28"]
[EventType "swiss"]
[EventRounds "9"]
[EventCountry "GER"]
[SourceTitle "EXT 2015"]
[Source "ChessBase"]
[SourceDate "2014.11.20"]
[SourceVersion "1"]
[SourceVersionDate "2014.11.20"]
[SourceQuality "1"]

1. d4 d5 2. c4 c6 3. Nc3 Nf6 4. Nf3 dxc4 5. e4 b5 6. a4 b4 7. e5 Nd5 8. Ne4 Ba6 9. Nc5 Qa5 10. b3 c3 11. Nxa6 Nxa6 12. Bc4 e6 13. 0-0 h6 14. Re1 Be7 15. Be3 Nac7 16. Qd3 0-0 17. Re2 Rfd8 18. Ne1 c5 19. dxc5 Bxc5 20. Bxc5 Qxc5 21. Qe4 a5 22. Nd3 Qe7 23. f4 Nb6 24. Rf2 Nxc4 25. Qxc4 Rd5 26. f5 exf5 27. Rxf5 Rd7 28. Raf1 Qe6 29. Qe4 Rf8 30. Nc5 Qd5 31. Qxd5 Rxd5 32. e6 Rxf5 33. Rxf5 fxe6 34. Re5 Rf5 35. Nd3 Rxe5 36. Nxe5 Na6 37. Nd3 c2 38. Kf1 Nc5 39. Nc1 e5 40. Ke1 Ne6 41. Kd2 Nd4 42. Kd3 Kf7 43. Ke4 Ke6 44. h3 g6 45. g3 Kd6 46. g4 g5 47. Kd3 Kd5 48. Na2 Nxb3 49. Kxc2 Nc5 50. Nc1 Kc4 51. Kd2 Nb3+ 52. Nxb3 Kxb3 53. Ke3 Kxa4 54. Ke4 b3 55. Kxe5 b2 56. Kf6 b1Q 57. Kg7 Qb6 58. Kh7 Kb5 59. Kg7 Kc5 60. Kh7 a4 61. Kg7 a3 62. Kh7 a2 63. Kg8 a1Q 64. Kh7 Qaa7+ 65. Kh8 Qd8# 0-1

[Event "Norderstedt op"]
[Site "Norderstedt"]
[Date "2013.03.31"]
[Round "7"]
[White "Klawitter, Rolf"]
[Black "Gerdts, Martina"]
[Result "0-1"]
[WhiteElo "1315"]
[BlackElo "1312"]
[PlyCount "144"]
[EventDate "2013.03.28"]
[EventType "swiss"]
[EventRounds "9"]
[EventCountry "GER"]
[SourceTitle "EXT 2015"]
[Source "ChessBase"]
[SourceDate "2014.11.20"]
[SourceVersion "1"]
[SourceVersionDate "2014.11.20"]
[SourceQuality "1"]

1. d4 d5 2. c4 e6 3. Nc3 Nf6 4. cxd5 exd5 5. Bg5 Be7 6. e3 0-0 7. Nf3 Bg4 8. Qb3 Bxf3 9. gxf3 Nbd7 10. Bg2 Nb6 11. 0-0 c6 12. Rad1 h6 13. Bxf6 Bxf6 14. Qc2 Rc8 15. Qd3 Nc4 16. Qb1 Qb6 17. b3 Na3 18. Qc1 Nb5 19. Na4 Qa5 20. Rd2 Rfe8 21. Rc2 Be7 22. f4 Qc7 23. Bxd5 Na3 24. Bxf7+ Kxf7 25. Rd2 Qd7 26. Qd1 Bb4 27. Rd3 Re6 28. f5 Re4 29. Qh5+ Kg8 30. Kh1 Rf8 31. Rg1 Qxf5 32. Qxh6 Qf3+ 33. Rg2 Rf7 34. Qg6 Rh4 35. Kg1 Rh6 36. Qg5 Be7 37. Qxh6 Qxg2+ 38. Kxg2 gxh6 39. Nc5 Bxc5 40. dxc5 Nb5 41. a4 Nc7 42. Rd8+ Kg7 43. Rd6 Na6 44. Rd4 Nxc5 45. Rg4+ Kf8 46. Rb4 Nd3 47. Rd4 Nc5 48. Rb4 Rd7 49. a5 Rd3 50. Rf4+ Ke8 51. b4 Nd7 52. Kh3 Ke7 53. Kh4 Rd5 54. Rd4 Rb5 55. f4 c5 56. Re4+ Kd6 57. bxc5+ Rxc5 58. Rd4+ Kc6 59. e4 Rxa5 60. e5 Nxe5 61. fxe5 Rxe5 62. Rg4 Kc5 63. Rg7 Kc6 64. Rg6+ Kc5 65. Rg7 Kb6 66. Rg6+ Ka5 67. Rxh6 b6 68. Kg4 a6 69. Rh5 Rxh5 70. Kxh5 b5 71. Kg4 b4 72. Kf3 b3 0-1

[Event "Norderstedt op"]
[Site "Norderstedt"]
[Date "2013.03.30"]
[Round "4"]
[White "Gerdts, Martina"]
[Black "Retzlaff, Wolfgang"]
[Result "0-1"]
[WhiteElo "1312"]
[BlackElo "1755"]
[PlyCount "136"]
[EventDate "2013.03.28"]
[EventType "swiss"]
[EventRounds "9"]
[EventCountry "GER"]
[SourceTitle "EXT 2015"]
[Source "ChessBase"]
[SourceDate "2014.11.20"]
[SourceVersion "1"]
[SourceVersionDate "2014.11.20"]
[SourceQuality "1"]

1. d4 d5 2. c4 c6 3. Nc3 e6 4. Nf3 Nf6 5. Bg5 Be7 6. e3 h6 7. Bh4 a6 8. b3 Bb4 9. Rc1 Qa5 10. Nd2 Bxc3 11. Bxf6 Bxd2+ 12. Qxd2 Qxd2+ 13. Kxd2 gxf6 14. Be2 Ke7 15. Rhg1 Nd7 16. cxd5 exd5 17. Bg4 Nf8 18. Bh5 Bf5 19. Kc3 Ne6 20. Rce1 Bg6 21. Bd1 Kd6 22. h4 Ng7 23. g3 Rae8 24. Kb4 Re7 25. Ka5 Kc7 26. Kb4 Rhe8 27. Bf3 Nf5 28. Ka5 b6+ 29. Ka4 Nxd4 30. Bg2 Bd3 31. Rd1 Nc2 32. Rxd3 a5 33. b4 Nxb4 34. Rd2 Rd8 35. a3 Na6 36. Kb3 Nc5+ 37. Kc2 Re6 38. Rgd1 Ne4 39. Bxe4 Rxe4 40. Rd4 f5 41. Kd3 Rde8 42. Ke2 Kd6 43. Rxe4 fxe4 44. f3 f5 45. fxe4 Rxe4 46. Rd4 Ke5 47. Rd3 d4 48. a4 b5 49. Kf3 b4 50. exd4+ Rxd4 51. Re3+ Kd5 52. Re8 b3 53. Re1 Rxa4 54. Rb1 Rb4 55. Ke3 a4 56. Kd3 Rc4 57. Rb2 Kc5 58. Rb1 Kb4 59. Rb2 a3 60. Rb1 b2 61. Kd2 Kb3 62. Rf1 Ka2 63. Kd3 Rc5 64. Rf2 Ka1 65. Kd4 Rd5+ 66. Ke3 b1Q 67. Ke2 Qd3+ 68. Ke1 Qd1# 0-1

[Event "Norderstedt op"]
[Site "Norderstedt"]
[Date "2013.03.29"]
[Round "2"]
[White "Gerdts, Martina"]
[Black "Celmer, Ole"]
[Result "0-1"]
[WhiteElo "1312"]
[BlackElo "1852"]
[PlyCount "82"]
[EventDate "2013.03.28"]
[EventType "swiss"]
[EventRounds "9"]
[EventCountry "GER"]
[SourceTitle "EXT 2015"]
[Source "ChessBase"]
[SourceDate "2014.11.20"]
[SourceVersion "1"]
[SourceVersionDate "2014.11.20"]
[SourceQuality "1"]

1. d4 Nf6 2. c4 e6 3. Nc3 Bb4 4. a3 Bxc3+ 5. bxc3 b6 6. Bg5 Bb7 7. e3 d6 8. Nf3 Nbd7 9. Bd3 Qc8 10. 0-0 Be4 11. Bxf6 Nxf6 12. Bxe4 Nxe4 13. Qd3 f5 14. Nd2 Nxd2 15. Qxd2 Qa6 16. Qd3 d5 17. a4 dxc4 18. Qe2 0-0 19. f4 Rad8 20. Qf3 Rd5 21. e4 Rd6 22. exf5 exf5 23. Rfe1 c6 24. Re5 b5 25. d5 Qb6+ 26. Kh1 c5 27. axb5 Qxb5 28. Re6 Rfd8 29. Rxd6 Rxd6 30. Re1 a5 31. h3 Qd7 32. Ra1 a4 33. Qd1 Ra6 34. Kh2 a3 35. Qc1 Qxd5 36. Rxa3 Rd6 37. Qe3 Qe4 38. Qxc5 Qxf4+ 39. Kh1 Rd1+ 40. Qg1 Rxg1+ 41. Kxg1 Qc1+ 0-1